01086nam a2200193Ia 4500999001700000008004100017082001300058100002400071245004800095250000900143260002700152300000800179650001700187942001500204952016600219952016500385952016500550952017700715 c10789d10789191201s2011 xx 000 0 und d a337bSAI aSALVATORE, Dominick 0aInternational Economics : Trade and Finance a11th aNew DelhibWileyc2021 a757 aBA Economics 2ddccBK01 00102ddc40708BAECOaPIETNCRbPIETNCRd2021-07-16eKirti PrakashanfIN Rupeesg899.00kIN2273l0o337 SAIpN1398r2021-08-04 00:00:00v620.31w2021-07-16yREF 00102ddc40708BAECOaPIETNCRbPIETNCRd2021-07-16eKirti PrakashanfIN Rupeesg899.00kIN2273l0o337 SAIpN1399r2021-08-04 00:00:00v620.31w2021-07-16yBK 00102ddc40708BAECOaPIETNCRbPIETNCRd2021-07-16eKirti PrakashanfIN Rupeesg899.00kIN2273l0o337 SAIpN1400r2021-08-04 00:00:00v620.31w2021-07-16yBK 00102ddc40708BAECOaPIETNCRbPIETNCRd2021-07-16eKirti PrakashanfIN Rupeesg899.00kIN2273l1o337 SAIpN1401r2023-01-02 00:00:00s2022-12-01v620.31w2021-07-16yBK